00526nam a2200169Ia 450000500170000000800410001708200210005810000190007924500620009826000350016030000160019565000130021165000140022494200060023895200970024499900150034120250106042713.0240331s9999 xx 000 0 und d bGOD2991a305.23 aGunatilleke, G 0aChanging Needs of Children :bThe experience of Sri Lanka aColombobMarga Institutec1985 aiii, 38 p., aChildren aEducation cL 001040708LaWERCLbWERCLcSSCd2024-03-31l0o 305.23 GUNp991r2024-03-31w2024-03-31yL c1533d1533